<?xml version="1.0" encoding="UTF-8"?>
<record
    xmlns:xsi="http://www.w3.org/2001/XMLSchema-instance"
    xsi:schemaLocation="http://www.loc.gov/MARC21/slim http://www.loc.gov/standards/marcxml/schema/MARC21slim.xsd"
    xmlns="http://www.loc.gov/MARC21/slim">

  <leader>03428nas a22002897a 4500</leader>
  <controlfield tag="003">NALT</controlfield>
  <controlfield tag="005">20240807144358.0</controlfield>
  <controlfield tag="006">a|||p|r|||| 00| 0 </controlfield>
  <controlfield tag="007">ta</controlfield>
  <controlfield tag="008">240731b        th |||p| |||| 00| 0 tha d</controlfield>
  <datafield tag="022" ind1=" " ind2=" ">
    <subfield code="a">08579776</subfield>
  </datafield>
  <datafield tag="040" ind1=" " ind2=" ">
    <subfield code="a">NALT</subfield>
  </datafield>
  <datafield tag="041" ind1=" " ind2=" ">
    <subfield code="a">tha</subfield>
  </datafield>
  <datafield tag="245" ind1="0" ind2="0">
    <subfield code="a">&#xE01;&#xE0E;&#xE2B;&#xE21;&#xE32;&#xE22;&#xE2A;&#xE38;&#xE42;&#xE02;&#xE17;&#xE31;&#xE22;&#xE18;&#xE23;&#xE23;&#xE21;&#xE32;&#xE18;&#xE34;&#xE23;&#xE32;&#xE0A; &#xE1B;&#xE35;&#xE17;&#xE35;&#xE48; 23 &#xE09;&#xE1A;&#xE31;&#xE1A;&#xE17;&#xE35;&#xE48; 1-2 (&#xE21;&#xE34;.&#xE22;.-&#xE18;.&#xE04;. 2554)</subfield>
  </datafield>
  <datafield tag="260" ind1=" " ind2=" ">
    <subfield code="a">&#xE1E;&#xE35;.&#xE40;&#xE2D;.&#xE25;&#xE34;&#xE1F;&#xE27;&#xE34;&#xE48;&#xE07; &#xE08;&#xE33;&#xE01;&#xE31;&#xE14;</subfield>
  </datafield>
  <datafield tag="310" ind1=" " ind2=" ">
    <subfield code="a">&#xE23;&#xE32;&#xE22; 6 &#xE40;&#xE14;&#xE37;&#xE2D;&#xE19;</subfield>
  </datafield>
  <datafield tag="500" ind1=" " ind2=" ">
    <subfield code="a">&#xE27;&#xE32;&#xE23;&#xE2A;&#xE32;&#xE23;&#xE40;&#xE22;&#xE47;&#xE1A;&#xE40;&#xE25;&#xE48;&#xE21;</subfield>
  </datafield>
  <datafield tag="505" ind1="2" ind2=" ">
    <subfield code="a">&#xE1B;&#xE35;&#xE17;&#xE35;&#xE48; 23 &#xE09;&#xE1A;&#xE31;&#xE1A;&#xE17;&#xE35;&#xE48; 1 &#xE21;&#xE34;.&#xE22;. 2554 -- &#xE27;&#xE34;&#xE18;&#xE35;&#xE01;&#xE32;&#xE23;&#xE08;&#xE31;&#xE14;&#xE40;&#xE01;&#xE47;&#xE1A;&#xE20;&#xE32;&#xE29;&#xE35;&#xE17;&#xE35;&#xE48;&#xE21;&#xE35;&#xE1B;&#xE23;&#xE30;&#xE2A;&#xE34;&#xE17;&#xE18;&#xE34;&#xE20;&#xE32;&#xE1E; : &#xE02;&#xE49;&#xE2D;&#xE40;&#xE2A;&#xE19;&#xE2D;&#xE40;&#xE1E;&#xE37;&#xE48;&#xE2D;&#xE01;&#xE32;&#xE23;&#xE1B;&#xE0F;&#xE34;&#xE23;&#xE39;&#xE1B;&#xE01;&#xE32;&#xE23;&#xE2B;&#xE31;&#xE01;&#xE20;&#xE32;&#xE29;&#xE35;&#xE40;&#xE07;&#xE34;&#xE19;&#xE44;&#xE14;&#xE49; &#xE13; &#xE17;&#xE35;&#xE48;&#xE08;&#xE48;&#xE32;&#xE22; -- Thai Traditional Medicine Protection 
(Part II) -- &#xE21;&#xE32;&#xE15;&#xE23;&#xE01;&#xE32;&#xE23;&#xE1B;&#xE23;&#xE31;&#xE1A;&#xE04;&#xE48;&#xE32;&#xE04;&#xE32;&#xE23;&#xE4C;&#xE1A;&#xE2D;&#xE19;&#xE01;&#xE48;&#xE2D;&#xE19;&#xE40;&#xE02;&#xE49;&#xE32;&#xE1E;&#xE23;&#xE21;&#xE41;&#xE14;&#xE19;&#xE41;&#xE25;&#xE30;&#xE15;&#xE25;&#xE32;&#xE14;&#xE04;&#xE32;&#xE23;&#xE4C;&#xE1A;&#xE2D;&#xE19; : &#xE01;&#xE25;&#xE44;&#xE01;&#xE43;&#xE19;&#xE01;&#xE32;&#xE23;&#xE25;&#xE14;&#xE20;&#xE32;&#xE27;&#xE30;&#xE42;&#xE25;&#xE01;&#xE23;&#xE49;&#xE2D;&#xE19;&#xE01;&#xE31;&#xE1A;&#xE01;&#xE32;&#xE23;&#xE40;&#xE15;&#xE23;&#xE35;&#xE22;&#xE21;&#xE1E;&#xE23;&#xE49;&#xE2D;&#xE21;&#xE02;&#xE2D;&#xE07;&#xE1B;&#xE23;&#xE30;&#xE40;&#xE17;&#xE28;&#xE44;&#xE17;&#xE22; -- &#xE27;&#xE31;&#xE27;&#xE2B;&#xE32;&#xE22;&#xE25;&#xE49;&#xE2D;&#xE21;&#xE04;&#xE2D;&#xE01; -- 
&#xE1E;&#xE22;&#xE32;&#xE19;&#xE27;&#xE31;&#xE15;&#xE16;&#xE38;&#xE17;&#xE35;&#xE48;&#xE1E;&#xE39;&#xE14;&#xE44;&#xE14;&#xE49; -- &#xE1B;&#xE31;&#xE0D;&#xE2B;&#xE32;&#xE17;&#xE32;&#xE07;&#xE01;&#xE0E;&#xE2B;&#xE21;&#xE32;&#xE22;&#xE02;&#xE2D;&#xE07;&#xE01;&#xE2D;&#xE07;&#xE17;&#xE38;&#xE19;&#xE08;&#xE31;&#xE14;&#xE23;&#xE39;&#xE1B;&#xE17;&#xE35;&#xE48;&#xE14;&#xE34;&#xE19;&#xE40;&#xE1E;&#xE37;&#xE48;&#xE2D;&#xE1E;&#xE31;&#xE12;&#xE19;&#xE32;&#xE1E;&#xE37;&#xE49;&#xE19;&#xE17;&#xE35;&#xE48; -- &#xE04;&#xE27;&#xE32;&#xE21;&#xE23;&#xE31;&#xE1A;&#xE1C;&#xE34;&#xE14;&#xE17;&#xE32;&#xE07;&#xE2D;&#xE32;&#xE0D;&#xE32;&#xE02;&#xE2D;&#xE07;&#xE01;&#xE32;&#xE23;&#xE25;&#xE31;&#xE01;&#xE25;&#xE2D;&#xE1A;&#xE08;&#xE39;&#xE19;&#xE42;&#xE17;&#xE23;&#xE28;&#xE31;&#xE1E;&#xE17;&#xE4C;&#xE40;&#xE04;&#xE25;&#xE37;&#xE48;&#xE2D;&#xE19;&#xE17;&#xE35;&#xE48; -- &#xE1E;&#xE23;&#xE30;&#xE23;&#xE32;&#xE0A;&#xE1A;&#xE31;&#xE0D;&#xE0D;&#xE31;&#xE15;&#xE34;&#xE04;&#xE27;&#xE32;&#xE21;
&#xE1B;&#xE25;&#xE2D;&#xE14;&#xE20;&#xE31;&#xE22; &#xE2D;&#xE32;&#xE0A;&#xE35;&#xE27;&#xE2D;&#xE19;&#xE32;&#xE21;&#xE31;&#xE22;&#xE41;&#xE25;&#xE30;&#xE2A;&#xE20;&#xE32;&#xE1E;&#xE41;&#xE27;&#xE14;&#xE25;&#xE49;&#xE2D;&#xE21;&#xE43;&#xE19;&#xE01;&#xE32;&#xE23;&#xE17;&#xE33;&#xE07;&#xE32;&#xE19; &#xE1E;.&#xE28;. 2554 -- &#xE1E;&#xE23;&#xE30;&#xE23;&#xE32;&#xE0A;&#xE1A;&#xE31;&#xE0D;&#xE0D;&#xE31;&#xE15;&#xE34;&#xE04;&#xE38;&#xE49;&#xE21;&#xE04;&#xE23;&#xE2D;&#xE07;&#xE1C;&#xE39;&#xE49;&#xE23;&#xE31;&#xE1A;&#xE07;&#xE32;&#xE19;&#xE44;&#xE1B;&#xE17;&#xE33;&#xE17;&#xE35;&#xE48;&#xE1A;&#xE49;&#xE32;&#xE19; &#xE1E;.&#xE28;. 2553. </subfield>
    <subfield code="a">&#xE1B;&#xE35;&#xE17;&#xE35;&#xE48; 23 &#xE09;&#xE1A;&#xE31;&#xE1A;&#xE17;&#xE35;&#xE48; 2 &#xE18;.&#xE04;. 2554 -- &#xE2A;&#xE34;&#xE17;&#xE18;&#xE34;&#xE43;&#xE19;&#xE17;&#xE23;&#xE31;&#xE1E;&#xE22;&#xE4C;&#xE2A;&#xE34;&#xE19;&#xE42;&#xE14;&#xE22;&#xE01;&#xE32;&#xE23;&#xE41;&#xE22;&#xE48;&#xE07;&#xE01;&#xE31;&#xE1A;&#xE01;&#xE32;&#xE23;&#xE23;&#xE49;&#xE2D;&#xE07;&#xE02;&#xE2D;&#xE43;&#xE2B;&#xE49;&#xE28;&#xE32;&#xE25;&#xE2A;&#xE31;&#xE48;&#xE07;&#xE41;&#xE2A;&#xE14;&#xE07;&#xE2A;&#xE34;&#xE17;&#xE18;&#xE34;&#xE19;&#xE31;&#xE49;&#xE19; -- &#xE1B;&#xE23;&#xE30;&#xE21;&#xE32;&#xE17;&#xE17;&#xE31;&#xE49;&#xE07;&#xE2A;&#xE2D;&#xE07;&#xE1D;&#xE48;&#xE32;&#xE22; &#xE43;&#xE04;&#xE23;&#xE23;&#xE31;&#xE1A;&#xE1C;&#xE34;&#xE14;? -- &#xE2A;&#xE33;&#xE40;&#xE19;&#xE32;&#xE02;&#xE49;&#xE2D;&#xE21;&#xE39;&#xE25;&#xE04;&#xE2D;&#xE21;&#xE1E;&#xE34;&#xE27;&#xE40;&#xE15;&#xE2D;&#xE23;&#xE4C;&#xE02;&#xE2D;&#xE07;&#xE1C;&#xE39;&#xE49;&#xE2D;&#xE37;&#xE48;&#xE19;
&#xE42;&#xE14;&#xE22;&#xE21;&#xE34;&#xE0A;&#xE2D;&#xE1A; -- &#xE23;&#xE1F;&#xE17;. &#xE01;&#xE31;&#xE1A; &#xE01;&#xE17;&#xE21;. &#xE43;&#xE04;&#xE23;&#xE21;&#xE35;&#xE2A;&#xE34;&#xE17;&#xE18;&#xE34;&#xE43;&#xE19;&#xE15;&#xE25;&#xE32;&#xE14;&#xE19;&#xE31;&#xE14;&#xE08;&#xE15;&#xE38;&#xE08;&#xE31;&#xE01;&#xE23; -- &#xE27;&#xE34;&#xE0A;&#xE32;&#xE0A;&#xE35;&#xE1E;&#xE19;&#xE31;&#xE01;&#xE01;&#xE0E;&#xE2B;&#xE21;&#xE32;&#xE22;&#xE43;&#xE19;&#xE15;&#xE48;&#xE32;&#xE07;&#xE1B;&#xE23;&#xE30;&#xE40;&#xE17;&#xE28; -- Thailand and Legal Development -- The Concepts and
Principles Related to Traditional Knowledge Protection -- Personal Information Protection in EU Electronic Commerce -- &#xE1E;&#xE23;&#xE30;&#xE23;&#xE32;&#xE0A;&#xE1A;&#xE31;&#xE0D;&#xE0D;&#xE31;&#xE15;&#xE34;
&#xE1B;&#xE49;&#xE2D;&#xE07;&#xE01;&#xE31;&#xE19;&#xE41;&#xE25;&#xE30;&#xE1A;&#xE23;&#xE23;&#xE40;&#xE17;&#xE32;&#xE2A;&#xE32;&#xE18;&#xE32;&#xE23;&#xE13;&#xE20;&#xE31;&#xE22; &#xE1E;.&#xE28;. 2550. </subfield>
  </datafield>
  <datafield tag="650" ind1=" " ind2="0">
    <subfield code="a">&#xE01;&#xE32;&#xE23;&#xE08;&#xE31;&#xE14;&#xE40;&#xE01;&#xE47;&#xE1A;&#xE20;&#xE32;&#xE29;&#xE35;</subfield>
    <subfield code="9">15734</subfield>
  </datafield>
  <datafield tag="650" ind1=" " ind2="0">
    <subfield code="a">&#xE20;&#xE32;&#xE29;&#xE35;&#xE2B;&#xE31;&#xE01; &#xE13; &#xE17;&#xE35;&#xE48;&#xE08;&#xE48;&#xE32;&#xE22;</subfield>
    <subfield code="9">27141</subfield>
  </datafield>
  <datafield tag="850" ind1=" " ind2=" ">
    <subfield code="a">NALT</subfield>
  </datafield>
  <datafield tag="866" ind1=" " ind2=" ">
    <subfield code="a">&#xE1B;&#xE35;&#xE17;&#xE35;&#xE48; 23 &#xE09;&#xE1A;&#xE31;&#xE1A;&#xE17;&#xE35;&#xE48; 1 (&#xE21;&#xE34;.&#xE22;. 2554)</subfield>
  </datafield>
  <datafield tag="866" ind1=" " ind2=" ">
    <subfield code="a">&#xE1B;&#xE35;&#xE17;&#xE35;&#xE48; 23 &#xE09;&#xE1A;&#xE31;&#xE1A;&#xE17;&#xE35;&#xE48; 2 (&#xE18;.&#xE04;. 2554)</subfield>
  </datafield>
  <datafield tag="942" ind1=" " ind2=" ">
    <subfield code="c">BOUND</subfield>
    <subfield code="2">lcc</subfield>
  </datafield>
  <datafield tag="952" ind1=" " ind2=" ">
    <subfield code="0">0</subfield>
    <subfield code="1">0</subfield>
    <subfield code="2">lcc</subfield>
    <subfield code="4">0</subfield>
    <subfield code="7">0</subfield>
    <subfield code="8">CPERBD</subfield>
    <subfield code="a">NALT</subfield>
    <subfield code="b">NALT</subfield>
    <subfield code="c">JNR</subfield>
    <subfield code="d">2024-08-07</subfield>
    <subfield code="l">0</subfield>
    <subfield code="p">2900016304</subfield>
    <subfield code="r">2024-08-07</subfield>
    <subfield code="w">2024-08-07</subfield>
    <subfield code="y">BOUND</subfield>
  </datafield>
  <datafield tag="996" ind1=" " ind2=" ">
    <subfield code="a">aroonthip.c</subfield>
    <subfield code="b">LIBSTF</subfield>
    <subfield code="c">2024-07-31</subfield>
  </datafield>
  <datafield tag="999" ind1=" " ind2=" ">
    <subfield code="c">105568</subfield>
    <subfield code="d">105568</subfield>
  </datafield>
  <datafield tag="998" ind1=" " ind2=" ">
    <subfield code="j">179</subfield>
    <subfield code="k"> &#xE2D;&#xE23;&#xE38;&#xE13;&#xE17;&#xE34;&#xE1E;&#xE22;&#xE4C;  &#xE08;&#xE31;&#xE19;&#xE17;&#xE23;&#xE4C;&#xE14;&#xE34;&#xE29;&#xE10;&#xE4C;</subfield>
  </datafield>
</record>
